Manual de sensitometría (Record no. 92959)

MARC details
000 -LEADER
campo de control de longitud fija 00696nam a2200205 i 4500
001 - NÚMERO DE CONTROL
campo de control 92959
003 - IDENTIFICADOR DE NÚMERO DE CONTROL
campo de control ES-MaACL
007 - CAMPO FIJO DE DESCRIPCIÓN FÍSICA--INFORMACIÓN GENERAL
campo de control de longitud fija t|
008 - DATOS DE LONGITUD FIJA--INFORMACIÓN GENERAL
campo de control de longitud fija 050406s1955 sp ||||1| spa d
100 1# - ENTRADA PRINCIPAL--NOMBRE DE PERSONA
Nombre de persona Lobel, L.
9 (RLIN) 73004
245 10 - MENCIÓN DEL TÍTULO
Título Manual de sensitometría
Resto del título : la técnica de la medición de los materiales fotográficos... /
Mención de responsabilidad, etc. L. Lobel y M. Dubois; [traducción por Eduardo Condeminas].
260 ## - PUBLICACIÓN, DISTRIBUCIÓN, ETC.
Lugar de publicación, distribución, etc. Barcelona :
Nombre del editor, distribuidor, etc. Omega,
Fecha de publicación, distribución, etc. 1955.
300 ## - DESCRIPCIÓN FÍSICA
Extensión 220 p., 4 lám :
Otras características físicas il. ;
Dimensiones 25 cm.
490 1# - MENCIÓN DE SERIE
Mención de serie Foto biblioteca
700 1# - ENTRADA AGREGADA--NOMBRE PERSONAL
Nombre de persona Dubois, M.
9 (RLIN) 45771
700 1# - ENTRADA AGREGADA--NOMBRE PERSONAL
Nombre de persona Condeminas, Eduardo.
9 (RLIN) 40136
830 0# - PUNTO DE ACCESO ADICIONAL DE SERIE-TÍTULO UNIFORME
Título uniforme Foto biblioteca
9 (RLIN) 181378
852 ## - LOCALIZACIÓN
Ubicación ES-MaACL
Número de control de estantería C-9862
Sublocalización o colección R.38089
Holdings
Estatus retirado Estado de pérdida Estado de daño No para préstamo Biblioteca de origen Biblioteca actual Ubicación en estantería Fecha de adquisición Fuente de adquisición Total de préstamos Signatura topográfica completa Código de barras Visto por última vez Precio de reemplazo Tipo de ítem Koha
        Biblioteca del Ateneo de Madrid Biblioteca del Ateneo de Madrid Sala Palomar 17/01/2008     C-9862 1097042 23/02/2023 23/02/2023 Libro impreso